El hombre entre lo finito e infinito: reflexiones para una interpretación de la existencia humana

Guardat en:
Dades bibliogràfiques
Autor principal: Welte, Bernhard (Autor)
Format: Llibre
Idioma:espanyol
Publicat: Buenos Aires Guadalupe 1973
Col·lecció:El hombre en el tiempo, 19
Matèries:
Etiquetes: Afegir etiqueta
Sense etiquetes, Sigues el primer a etiquetar aquest registre!

MARC

LEADER 00000nam a2200000 a 4500
001 UCZ4629
003 CL-VaPUC
008 951110e19730000AG |||||||||||||||||spa|d
082 0 4 |a 111.1  |b WEL  |2 21 
100 0 |a Welte, Bernhard  |e author  |9 348644 
245 1 3 |a El hombre entre lo finito e infinito: reflexiones para una interpretación de la existencia humana 
300 |a 94 p 
942 |c BK 
945 |d 19951110 00:00:00  |a cmena 
260 |a Buenos Aires  |b Guadalupe  |c 1973 
650 0 |a Ontología   |9 256850 
650 0 |a Estructuralismo  |9 265696 
650 0 |a Existencialismo  |9 265698 
650 7 |a SER  |2 CL-VaPUC  |9 320176 
650 0 |a Escuelas filosóficas   |9 266232 
650 7 |a HOMBRE  |2 CL-VaPUC  |9 262149 
650 0 |a Naturaleza humana   |9 308593 
583 |a last modification  |c 19951110 00:00:00  |k Rodrigo Vera 
490 0 |a El hombre en el tiempo, 19 
999 |c 240998  |d 240996 
952 |0 0  |1 0  |4 0  |6 111_100000000000000_WEL_1973  |7 0  |8 P  |9 253135  |a BIBEDU  |b BIBEDU  |c BIBEDU_PB  |d 2019-11-19  |i 1596632  |o 111.1 WEL 1973  |p 1596632  |r 2024-01-25  |w 2019-11-19  |y BK  |k FIL